[Event "Politiken zt"]
[Site "Munkebo"]
[Date "1998.09.12"]
[Round "1.4"]
[White "Danielsen, Henrik"]
[Black "Salmensuu, Olli"]
[Result "0-1"]
[WhiteElo "2510"]
[BlackElo "2420"]

1.Nf3 Nf6 2.c4 g6 3.g3 Bg7 4.Bg2 O-O 5.d4 c5 6.O-O Qc7 7.b3 b6 8.Bb2 a6 9.Nc3 Bb7
10.d5 d6 11.Nd2 Nbd7 12.e4 b5 13.Qc2 b4 14.Ne2 a5 15.h3 a4 16.Rab1 a3 17.Bc1 e6
18.Nf3 Rae8 19.Nh2 Nb6 20.g4 h5 21.g5 Nxe4 22.Bxe4 exd5 23.cxd5 Nxd5 24.f3 Re7
25.Bd2 Rfe8 26.Rbe1 Qd7 27.Kg2 Rxe4 28.fxe4 Ne3+ 29.Bxe3 Bxe4+ 30.Qxe4 Rxe4
31.Ng3 Re6 32.Bf2 Rxe1 33.Rxe1 c4 34.Ne4 cxb3 35.axb3 Qc6 36.Nf3 a2 37.Nf6+ Bxf6
38.gxf6 Kf8 39.Be3 Ke8 40.Kg3 Kd8 41.Bd4 Qd5 42.h4 Qxb3 43.Kf4 Qc4 44.Kg3 b3
45.Kf2 Qc2+ 46.Re2 Qb1 47.Ng5 a1=Q 48.Nxf7+ Kd7 49.Re7+ Kc6 50.Bxa1 Qxa1
51.Nd8+ Kd5 52.Re6 Qd4+  0-1

[Event "CRO-chT"]
[Site "Porec"]
[Date "1998.09.12"]
[Round "6"]
[White "Petrov, Jole"]
[Black "Martic, Zlatko"]
[Result "1-0"]
[WhiteElo "2405"]
[BlackElo "2305"]

1.Nf3 Nf6 2.c4 g6 3.g3 Bg7 4.Bg2 O-O 5.d4 d6 6.O-O c6 7.Nc3 Qa5 8.h3 Be6
9.Qd3 Qa6 10.b3 d5 11.Ne5 dxc4 12.Nxc4 Rd8 13.Rd1 Nbd7 14.Bb2 Nb6 15.Ne5 Qxd3
16.Nxd3 Rxd4 17.Nc5 Rxd1+ 18.Rxd1 Rb8 19.e4 Nfd7 20.Nxe6 fxe6 21.f4 e5 22.f5 Bh6
23.Na4 Be3+ 24.Kh2 Nxa4 25.bxa4 Bd4 26.Bxd4 exd4 27.Rxd4 Ne5 28.g4 g5 29.Kg3 Kf7
30.Bf1 Ke8 31.a5 Rd8 32.Rb4 Rd1 33.Kf2 Rd7 34.Ke3 Kd8 35.a4 Kc7 36.Rb1 Rd8
37.Be2 Rd6 38.Rc1 Rd8 39.Rc5 Nf7 40.Rc1 b6 41.a6 Ne5 42.h4 h6 43.hxg5 hxg5
44.Rh1 c5 45.Rh7 Kd6 46.Rh6+ Kc7 47.Re6 Nc6 48.e5 Rh8 49.Bb5 Rh3+  1-0

[Event "CRO-chT"]
[Site "Porec"]
[Date "1998.09.13"]
[Round "7"]
[White "Njirjak, Josip"]
[Black "Antunovic, Ivo"]
[Result "1-0"]
[WhiteElo "2290"]
[BlackElo "2085"]

1.Nf3 Nf6 2.g3 g6 3.Bg2 Bg7 4.c4 O-O 5.O-O d6 6.Nc3 e5 7.d3 Nc6 8.Rb1 a5
9.a3 h6 10.b4 axb4 11.axb4 Be6 12.b5 Ne7 13.Qc2 Qd7 14.Rd1 Bh3 15.Bh1 Rab8
16.b6 c6 17.c5 Nfd5 18.cxd6 Qxd6 19.Ne4 Qd8 20.Ba3 f5 21.Nc5 f4 22.Ne4 Nf5
23.Bxf8 Qxf8 24.Nc3 Kh7 25.Nxd5 cxd5 26.Rb5 Rd8 27.Bg2 Bxg2 28.Kxg2 Qe8 29.Rb4 g5
30.g4 Nd6 31.h3 Kh8 32.Nd2 Rc8 33.Qa2 Qc6 34.Rbb1 d4+ 35.Kh2 Nb5 36.Qa4 Nc3
37.Qxc6 Rxc6 38.Rdc1 Re6 39.Rb3 Nd5 40.Rc8+ Kh7 41.Nc4 e4 42.dxe4 Rxe4 43.Rc7 Rxe2
44.Rxb7 Nxb6 45.Nxb6 Rxf2+ 46.Kg1 Re2 47.Nd5  1-0

[Event "CRO-chT"]
[Site "Porec"]
[Date "1998.09.14"]
[Round "8"]
[White "Petrov, Jole"]
[Black "Fercec, Nenad"]
[Result "1/2-1/2"]
[WhiteElo "2405"]
[BlackElo "2490"]

1.Nf3 Nf6 2.c4 g6 3.g3 Bg7 4.Bg2 O-O 5.O-O d5 6.cxd5 Nxd5 7.d4 Nb6 8.Nc3 Nc6
9.e3 Re8 10.d5 Na5 11.Nd4 Bd7 12.Nb3 Nxb3 13.Qxb3 c6 14.e4  1/2-1/2

[Event "Elista ol (Men)"]
[Site "Elista"]
[Date "1998.10.01"]
[Round "3"]
[White "Allahverdiev, Anar"]
[Black "Hebden, Mark"]
[Result "1/2-1/2"]
[WhiteElo "2455"]
[BlackElo "2590"]

1.c4 g6 2.g3 Bg7 3.Bg2 Nf6 4.Nf3 O-O 5.O-O d6 6.Nc3 Nc6 7.d3 e5 8.Rb1 a5
9.a3 Nd4 10.Nxd4 exd4 11.Nb5 Ne8 12.e3 dxe3 13.Bxe3 c6 14.Nc3 Nf6 15.h3 d5
16.cxd5 Nxd5 17.Nxd5 cxd5 18.Bc5 Re8 19.Qb3 a4 20.Qxd5 Qxd5 21.Bxd5 Bxh3
22.Rfe1 Be6 23.Bxe6 Rxe6 24.Rxe6 fxe6 25.b3 Ra5 26.Bb4 Rd5 27.bxa4 Rxd3 28.Bc5 Rd5
29.Be3 Rd7 30.Rb6 Bf8 31.Rxe6  1/2-1/2

[Event "Elista ol (Men)"]
[Site "Elista"]
[Date "1998.10.02"]
[Round "4"]
[White "Romanishin, Oleg M"]
[Black "Ilincic, Zlatko"]
[Result "1/2-1/2"]
[WhiteElo "2600"]
[BlackElo "2570"]

1.Nf3 Nf6 2.c4 g6 3.g3 Bg7 4.Bg2 O-O 5.O-O d6 6.d4 Nbd7 7.Qc2 e5 8.Rd1 Qe7
9.Nc3 c6 10.b3 Re8 11.h3 exd4 12.Nxd4 Nc5 13.Bb2 Bd7 14.e3 Rad8 15.Re1 Nce4
16.Nxe4 Nxe4 17.Nf3 Bxb2 18.Qxb2 c5 19.Nd2 Bc6 20.Rad1 f5 21.h4 Qg7 22.Qxg7+ Kxg7
23.Nb1 d5 24.cxd5 Bxd5 25.Rd3 c4 26.bxc4 Bxc4 27.Ra3 a6 28.Rc1 Bb5 29.Nc3 Rc8
30.Bxe4 fxe4 31.Rb1 Bc6 32.Ne2 Rc7 33.Rc3 Rec8 34.Rbc1 Kf6 35.Nd4 Ke5 36.Rc4 Kd6
37.Nxc6 Rxc6 38.Rd1+ Ke5 39.Rcd4 Rc1 40.Rd5+ Ke6 41.Rd6+ Ke5 42.Rd5+ Ke6
43.Rd6+ Ke5  1/2-1/2

[Event "Elista ol (Men)"]
[Site "Elista"]
[Date "1998.10.03"]
[Round "5"]
[White "Faraj, Yahya"]
[Black "Jacimovic, Dragoljub"]
[Result "0-1"]
[WhiteElo "2235"]
[BlackElo "2490"]

1.Nf3 Nf6 2.c4 g6 3.g3 Bg7 4.Bg2 O-O 5.Nc3 c6 6.O-O d6 7.d4 Qb6 8.e4 Bg4
9.Rb1 Nfd7 10.Be3 c5 11.Nd5 Qd8 12.h3 Bxf3 13.Bxf3 Nc6 14.dxc5 dxc5 15.Bg2 e6
16.Nc3 Qe7 17.Qe1 Nd4 18.Qc1 Ne5 19.b3 Ndf3+ 20.Kh1 Rfd8 21.Rd1 Rxd1+ 22.Qxd1 Rd8
23.Qc2 Nd4 24.Qc1 Nd3 25.Qd2 Nb4 26.Qc1 Ndc2 27.Bg5 Bf6 28.h4 Bxg5 29.hxg5 Rd3
30.Ne2 Nd4 31.Nxd4 Rxd4 32.a3 Nc6 33.Qe3 e5 34.Bf3 Qd6 35.Be2 Rd2 36.f4 Qd4
37.Qf3 Qd7 38.Qg4 Qxg4 39.Bxg4 exf4 40.gxf4 Rf2 41.Bc8 Nd4 42.Kg1 Ra2 43.Kf1 b6
44.b4 Rh2 45.Re1 Rh4 46.bxc5 Rxf4+ 47.Kg2 bxc5 48.a4 a5 49.Bd7 Kg7 50.e5 Ne6
51.Bxe6 fxe6 52.Rb1 Rxc4 53.Rb7+ Kf8 54.Rb8+ Ke7 55.Rb7+ Kd8 56.Kf3 Rxa4
57.Rxh7 Ra3+ 58.Kf4 Ra4+ 59.Kf3 c4 60.Rg7 c3 61.Ke2 Rd4 62.Rh7 c2 63.Rh1 Rd1  0-1

[Event "Elista ol (Men)"]
[Site "Elista"]
[Date "1998.10.04"]
[Round "6"]
[White "Urbaneja, Juan Carlos"]
[Black "Sula, Zegir"]
[Result "1/2-1/2"]
[WhiteElo "2240"]
[BlackElo "2360"]

1.Nf3 Nf6 2.c4 g6 3.g3 Bg7 4.Bg2 O-O 5.Nc3 d6 6.d4 c6 7.O-O Nbd7 8.e4 e5
9.d5 Nc5 10.Ne1 cxd5 11.cxd5 a5 12.Nd3 b6 13.Re1 Nxd3 14.Qxd3 Ba6 15.Qd1 b5
16.Be3 b4 17.Na4 Nd7 18.Rc1 f5 19.f3 Bb5 20.b3 Rc8 21.Rxc8 Qxc8 22.Nb6 Nxb6
23.Bxb6 fxe4 24.fxe4 Bh6 25.Bf1 Qb7 26.Bf2 Qf7 27.Qc2 Bxf1 28.Rxf1 Qf3 29.Re1 Bg5
30.Bb6 h5 31.Qe2 Qc3 32.Rf1 Rxf1+ 33.Kxf1 Kg7 34.Kg2 h4 35.Bf2 Qc8 36.gxh4 Bf4
37.h3 Qc3 38.h5 gxh5 39.Qxh5 Qc2 40.Qg4+ Kh8 41.Qh4+ Kg7 42.Qe7+ Kg8 43.Qe6+ Kg7
44.Qe7+ Kg8 45.Qe8+  1/2-1/2

[Event "Elista ol (Men)"]
[Site "Elista"]
[Date "1998.10.07"]
[Round "9"]
[White "Sorokin, Maxim"]
[Black "Cela, Altin"]
[Result "1-0"]
[WhiteElo "2570"]
[BlackElo "2450"]

1.Nf3 Nf6 2.c4 g6 3.g3 Bg7 4.Bg2 O-O 5.Nc3 d6 6.d4 Nc6 7.O-O Bf5 8.d5 Na5
9.Nd4 Bd7 10.Qd3 Ng4 11.Nf3 c5 12.Bf4 a6 13.Rab1 b5 14.b3 Rb8 15.h3 Nf6 16.e4 Qc7
17.g4 bxc4 18.bxc4 Rb4 19.Nd2 Rfb8 20.Rfc1 Be8 21.Bf1 Nd7 22.Qc2 Qb7 23.Nd1 Ne5
24.Rxb4 cxb4 25.c5 Bb5 26.c6 Qc7 27.Be3 b3 28.axb3 Nxb3 29.Qxb3 Bxf1 30.Qxb8+ Qxb8
31.Kxf1 e6 32.Rb1 Qc8 33.f4 Nd3 34.Nc4 Bf8 35.Ke2 Nc5 36.Bxc5 dxc5 37.Rb7 exd5
38.exd5 a5 39.Nde3 Qa8 40.Nb6 Qa6+ 41.Nec4 a4 42.c7 a3 43.c8=Q a2 44.Qd7 Qxb7
45.Qxb7 a1=Q 46.Qa8  1-0

[Event "NRW Sportland Cup Masters"]
[Site "Senden"]
[Date "1998.10.08"]
[Round "1"]
[White "Thiede, Lars"]
[Black "Balcerak, Philipp"]
[Result "1-0"]
[WhiteElo "2355"]
[BlackElo "2020"]

1.g3 Nf6 2.c4 g6 3.Bg2 Bg7 4.Nf3 O-O 5.O-O d6 6.Nc3 e5 7.d3 c6 8.Rb1 a5 9.a3 h6
10.b4 axb4 11.axb4 Be6 12.b5 Qd7 13.Qb3 Bh3 14.bxc6 bxc6 15.Bxh3 Qxh3 16.Ba3 Qe6
17.Nd2 Nbd7 18.Ra1 Rfb8 19.Qc2 d5 20.Ra2 d4 21.Na4 Bf8 22.Bxf8 Kxf8 23.Rfa1 Qe7
24.Kg2 Nc5 25.Nxc5 Rxa2 26.Qxa2 Qxc5 27.Qa6 Kg7 28.Ra5 Qb4 29.Nf3 Nd7 30.Nxe5 Nxe5
31.Rxe5 Qd6 32.Re4 Rd8 33.Qa5 f6 34.h4 c5 35.Qb5 Kf7 36.h5 g5 37.Qb7+ Rd7
38.Qc8 Re7 39.Qf5 Rxe4 40.Qxe4 Qf8 41.Kh2 Qd6 42.Qg6+ Ke6 43.Qe8+ Qe7 44.Qxe7+ Kxe7
45.g4 Ke6 46.Kg3 f5 47.e3 fxg4 48.exd4  1-0

[Event "Elista ol (Men)"]
[Site "Elista"]
[Date "1998.10.09"]
[Round "10"]
[White "El Ghazali, Youssef M"]
[Black "Odeev, Handszar"]
[Result "1/2-1/2"]
[WhiteElo "2335"]
[BlackElo "2420"]

1.c4 Nf6 2.Nf3 g6 3.g3 Bg7 4.Bg2 O-O 5.O-O d5 6.cxd5 Nxd5 7.d4 c6 8.h3 Na6
9.Nc3 Nb6 10.b3 Be6 11.Bb2 Qd7 12.Kh2 c5 13.dxc5 Nxc5 14.Qxd7 Bxd7 15.Rac1 Rac8
16.Nd2 Bc6 17.Ndb1 Bxg2 18.Kxg2 Ne4 19.f3 Nxc3 20.Bxc3 Nd5 21.Bxg7 Ne3+ 22.Kf2 Nxf1
23.Bc3 Nxg3 24.Kxg3 Rfd8 25.Kf2 Rc6 26.Ke1 Rc5 27.Bb2 Rxc1+ 28.Bxc1 Rd5 29.Be3 a6
30.h4 f6 31.Nd2 Kf7 32.Ne4 Ke6 33.Nc5+ Kd6 34.b4 Kc6 35.a4 Rh5 36.Bf2 g5
37.hxg5 Rh1+ 38.Kd2 fxg5 39.Ne6 h6 40.Nd8+ Kc7 41.Ne6+ Kd7 42.Nc5+ Kc6 43.Ne4 Kd5
44.b5 Ra1 45.bxa6 bxa6 46.Bb6 Ra2+ 47.Ke3 Rc2 48.a5 Rc8 49.Kd3 Rc1 50.Ng3 Ke6
51.Ke3 Ke5 52.Bd4+ Kd5 53.Bb6 Ke6 54.Kd3 Ke5 55.Ne4 Kd5 56.Kd2 Rc8 57.Ng3 Ke5
58.Ke1 Rc4 59.Be3 Ra4 60.Bd2 Ra3 61.Kf2 Ra4 62.Bc3+ Ke6 63.Ne4 Kd5 64.Bd2 Rc4
65.Kg3 Ke6 66.Kg4 Ke5 67.Bc3+ Kd5 68.Bg7 Rc6 69.Kh5 Re6 70.Bxh6 g4 71.Ng3 gxf3
72.exf3 Rf6 73.f4 Rc6 74.f5 Rc3 75.Ne2 Rc5 76.Nf4+ Ke4 77.Ng6 Rxf5+ 78.Kg4 Rf6
79.Kg5 Rf5+ 80.Kg4 Rxa5 81.Nxe7 Ra1 82.Nc6 a5 83.Kg3 Rg1+ 84.Kh2 Rg6 85.Bd2 Rxc6
86.Bxa5 Kf3 87.Bb4 Rc2+ 88.Kh1 Kg3 89.Bd6+ Kf2 90.Kh2 Rc6 91.Bg3+ Kf3 92.Be5 Rh6+
93.Kg1 Rg6+ 94.Kh1 Re6 95.Bh2 Re1+ 96.Bg1 Rb1 97.Kh2 Rb7 98.Kh1 Kg4 99.Kg2 Rb2+
100.Kh1  1/2-1/2

[Event "NRW Sportland Cup Masters"]
[Site "Senden"]
[Date "1998.10.09"]
[Round "2"]
[White "Lingnau, Carsten"]
[Black "Mielke, Moritz"]
[Result "1/2-1/2"]
[WhiteElo "2395"]
[BlackElo "2035"]

1.Nf3 Nf6 2.c4 g6 3.g3 Bg7 4.Bg2 O-O 5.d4 d6 6.O-O Nbd7 7.Nc3 e5 8.h3 c6
9.e4 Qb6 10.Re1 exd4 11.Nxd4 Ne8 12.Nb3 a5 13.Be3 Qb4 14.a3 Qxc4 15.Nd4 f6
16.Qc2 Qf7 17.f4 Nc7 18.Rad1 Re8 19.g4 Kh8 20.Kh1 Bf8 21.f5 g5 22.Nde2 c5
23.Ng3 Ne5 24.Nh5 Bd7 25.Nb1 Bc6 26.Nd2 Be7 27.Bf2 Red8 28.Nf3 Qc4 29.Qb1 Be8
30.Ng3 b6 31.Bf1 Qa4 32.Bg2 Qc4 33.Bf1 Qa4 34.Bg2  1/2-1/2

[Event "Elista ol (Men)"]
[Site "Elista"]
[Date "1998.10.10"]
[Round "11"]
[White "Nogueiras, Jesus"]
[Black "Damljanovic, Branko"]
[Result "1/2-1/2"]
[WhiteElo "2510"]
[BlackElo "2555"]

1.Nf3 Nf6 2.c4 g6 3.g3 Bg7 4.Bg2 O-O 5.O-O d6 6.Nc3 e5 7.d4 Nbd7 8.h3 c6
9.e4 exd4 10.Nxd4 Qb6 11.Nde2 Ne8 12.Qc2 Nc5 13.Be3 f5 14.exf5 Bxf5 15.Qd2 Rd8
16.Rfd1 Nf6 17.Nd4 Bc8 18.Rab1 a5 19.Nb3 Qc7 20.Bf4 Nxb3 21.axb3 Qb6 22.Bxd6 Qxb3
23.Qg5 Rfe8 24.Qxa5  1/2-1/2

[Event "Oberliga Sued W9899"]
[Site "Wuertemberg"]
[Date "1998.10.11"]
[Round "1"]
[White "Dietzel, Jan"]
[Black "Rau, Juergen"]
[Result "1-0"]
[WhiteElo "2290"]
[BlackElo "2175"]

1.Nf3 Nf6 2.c4 g6 3.g3 Bg7 4.Bg2 O-O 5.d4 d6 6.O-O c5 7.Nc3 Nc6 8.d5 Na5
9.Nd2 a6 10.Qc2 Rb8 11.b3 b5 12.Bb2 bxc4 13.bxc4 Bh6 14.f4 Ng4 15.Nd1 Rxb2
16.Qxb2 Bg7 17.Qc1 Bd4+ 18.Kh1 Bxa1 19.Qxa1 e6 20.h3 Nf6 21.e4 Nh5 22.Qc3 f6
23.Nf2 e5 24.f5 Ng7 25.g4 g5 26.h4 h6 27.Bf3 Qc7 28.Kg2 Bd7 29.hxg5 hxg5
30.Be2 Rb8 31.Qh3 Qd8 32.Rh1 Qf8 33.Qh7+ Kf7 34.Qg6+ Kg8 35.Rh7 Ba4 36.Qh6 Kf7
37.Nf3  1-0

[Event "SVK-chT2A 9899"]
[Site "SVK"]
[Date "1998.10.18"]
[Round "2"]
[White "Sukuba, Zdenek"]
[Black "Harasta, Vladimir"]
[Result "1/2-1/2"]
[WhiteElo "2110"]
[BlackElo "2195"]

1.Nf3 Nf6 2.c4 g6 3.g3 Bg7 4.Bg2 O-O 5.O-O d6 6.Nc3 Nc6 7.Rb1 e5 8.d3 a5
9.a3 Bf5 10.b4 axb4 11.axb4 Qd7 12.Re1 h6 13.b5 Nd8 14.Bb2 Bh3 15.Bh1 Ne6
16.Nd2 Nc5 17.Nb3 Nxb3 18.Qxb3 c5 19.e3 Bf5 20.Rbd1 Rfe8 21.Na4 Qc7 22.Bc3 Rad8
23.b6 Qc8 24.Bb2 Bd7 25.Nc3 Bc6 26.Nd5 Nxd5 27.Bxd5 Bxd5 28.cxd5 Qd7 29.Qc4 Ra8
30.Ra1 f5 31.Rxa8 Rxa8 32.Ra1 Rxa1+ 33.Bxa1 Kf7 34.f4 exf4 35.Bxg7 Kxg7 36.gxf4 Qe7
37.e4 fxe4 38.dxe4 Qf6 39.Qc1 Qd4+ 40.Kf1 Qxe4 41.Qc3+ Qd4 42.Qf3 c4 43.Ke1 c3
44.Qg4 Qe4+ 45.Kf2 Qf5 46.Qf3 Qc2+ 47.Kg3 Kf8 48.Qe3 Qd2  1/2-1/2

[Event "SWE-chT 9899"]
[Site "Sweden"]
[Date "1998.10.18"]
[Round "3"]
[White "Astrom, Robert"]
[Black "Moberg, Karl Johan"]
[Result "1/2-1/2"]
[WhiteElo "2460"]
[BlackElo "2320"]

1.Nf3 Nf6 2.c4 g6 3.g3 Bg7 4.Bg2 O-O 5.O-O d5 6.cxd5 Nxd5 7.d4 Nb6 8.Nc3 Nc6
9.e3 e5 10.d5 Ne7 11.e4 Bg4 12.Bg5 h6 13.Bxe7 Qxe7 14.Qb3 c6 15.dxc6 bxc6
16.Rac1 Be6 17.Qc2 Qb4 18.Nd2 Rab8 19.a3 Qa5 20.Nb3 Bxb3 21.Qxb3 Rfd8 22.Rfd1 h5
23.Rxd8+ Rxd8 24.Bf1 Bh6 25.Rd1 Rd2 26.Rxd2 Bxd2 27.Nb1 Bc1 28.Nc3 Bd2 29.Nb1 Bc1
30.Qc2 Qe1 31.h4 Bh6 32.b3 Qc1 33.Qd3 Bf8 34.a4 Bb4 35.Kg2 Kg7 36.Be2 Qe1
37.Qd1 Qxd1 38.Bxd1 Nd7 39.Bc2 Kf6 40.Kf3 Ke7 41.Bd3 Nc5 42.Bc4 f6 43.Ke3 Kf8
44.Kf3 Kg7 45.Ke3 g5 46.Be2 Kg6 47.Bc4 g4 48.Bg8 Kg7 49.Bc4 Kg6 50.Bg8 Kg7  1/2-1/2

[Event "Bourbon Lancy op"]
[Site "Bourbon Lancy"]
[Date "1998.10.26"]
[Round "4"]
[White "Foisor, Ovidiu"]
[Black "Safranska, Anda"]
[Result "1/2-1/2"]
[WhiteElo "2475"]
[BlackElo "2275"]

1.c4 Nf6 2.Nf3 g6 3.g3 Bg7 4.Bg2 O-O 5.O-O d6 6.Nc3 Nc6 7.Rb1 a5 8.a3 e5
9.d3 h6 10.b4 axb4 11.axb4 Be6 12.Nd2 d5 13.b5 Ne7 14.cxd5 Nexd5 15.Bb2 Nxc3
16.Bxc3 Nd5 17.Ba1 Qd7 18.Nc4 f6 19.Qc2 Kh7 20.Rfd1 Qf7 21.d4 exd4 22.Bxd4 Rfd8
23.e3 Bf8 24.Nd2 b6 25.Ra1 Rac8 26.Qb2 c5 27.bxc6 Rxc6 28.Ne4 Rdc8 29.Nxf6+ Nxf6
30.Bxc6 Rxc6 31.Bxf6 Bh3 32.Be5 Qf3 33.Ra7+ Kg8 34.Qb3+ Be6 35.Qd3 Bh3 36.Qb3+ Be6
37.Qd3 Bh3 38.Qb3+  1/2-1/2

[Event "Hampstead GM4"]
[Site "Hampstead"]
[Date "1998.10.29"]
[Round "5"]
[White "McNab, Colin Anderson"]
[Black "Mittelman, Gur"]
[Result "0-1"]
[WhiteElo "2445"]
[BlackElo "2410"]

1.c4 Nf6 2.Nf3 g6 3.g3 Bg7 4.Bg2 O-O 5.O-O d6 6.d4 Nc6 7.Nc3 Bf5 8.d5 Na5
9.Nd4 Bd7 10.Qd3 c5 11.Nc2 a6 12.b3 Rb8 13.h3 b5 14.e4 e6 15.dxe6 Bxe6 16.cxb5 axb5
17.Rd1 b4 18.Ne2 c4 19.bxc4 Bxc4 20.Qf3 Nxe4 21.Ned4 Nc3 22.Re1 Bd5 23.Qd3 Bxg2
24.Kxg2 Qb6 25.Bb2 Rfc8 26.Re7 Nc6 27.Nxc6 Qxc6+ 28.Kh2 Qd5 29.Ne1 Ra8 30.Rd7 Qxd3
31.Nxd3 Nxa2 32.Bxg7 Kxg7 33.Rxd6 b3 34.Rb1 Rc3 35.Kg2 Rb8 36.Kf1 Rc2 37.Rb2 Rxb2
38.Nxb2 Nb4 39.Ke2 Re8+ 40.Kd2 Rc8 41.Kd1 Rc2 42.Rd2 Kf6 43.Re2 Kf5 44.f3 g5
45.Re4 Nd5 46.Na4 Rf2 47.Rd4 Ne3+ 48.Ke1 Rxf3  0-1

[Event "GER-ch"]
[Site "Bremen"]
[Date "1998.11.07"]
[Round "2"]
[White "Hickl, Joerg"]
[Black "Gutman, Lev"]
[Result "1/2-1/2"]
[WhiteElo "2540"]
[BlackElo "2480"]

1.c4 Nf6 2.g3 g6 3.Bg2 Bg7 4.Nf3 O-O 5.O-O d5 6.Qc2 Nc6 7.d3 Bg4 8.Nbd2 Qd7
9.a3 a5 10.b3 a4 11.Bb2 axb3 12.Nxb3 dxc4 13.Qxc4 Na5 14.Nxa5 Rxa5 15.Rfc1 Bxf3
16.Bxf3 c6 17.Bc3 Ra6 18.e4 b5 19.Qb4 Qxd3 20.Kg2 c5 21.Qb2 b4 22.axb4 Rxa1
23.Rxa1 cxb4 24.Qxb4 Nd5 25.exd5 Qxc3 26.Qxc3  1/2-1/2

[Event "SLO-chT"]
[Site "Bled"]
[Date "1998.11.09"]
[Round "3"]
[White "Dizdar, Goran"]
[Black "Cebalo, Miso"]
[Result "1/2-1/2"]
[WhiteElo "2570"]
[BlackElo "2535"]

1.Nf3 Nf6 2.c4 g6 3.g3 Bg7 4.Bg2 O-O 5.O-O d6 6.d4 c6 7.Nc3 Qb6 8.b3 e5 9.e4 Bg4
10.Be3 exd4 11.Bxd4 Qa5 12.h3 Bxf3 13.Qxf3  1/2-1/2

[Event "Tanta op"]
[Site "Tanta"]
[Date "1998.11.18"]
[Round "3"]
[White "Jirovsky, Milos"]
[Black "Sorial, Hanna"]
[Result "1-0"]
[WhiteElo "2435"]
[BlackElo "2245"]

1.Nf3 Nf6 2.c4 g6 3.g3 Bg7 4.Bg2 O-O 5.O-O d6 6.d4 c6 7.Nc3 Qa5 8.e4 e5 9.h3 Nbd7
10.Re1 Re8 11.d5 cxd5 12.cxd5 a6 13.a3 b5 14.Be3 Bb7 15.b4 Qd8 16.Nd2 Rc8
17.Qb3 Nh5 18.a4 bxa4 19.Nxa4 f5 20.Nc4 f4 21.Bd2 Qf6 22.Na5 Ba8 23.Rac1 Qf8
24.Qd3 Bh6 25.Rcd1 fxg3 26.fxg3 Bxd2 27.Rxd2 Qh6 28.Rf2 Rf8 29.Ref1 Rc1 30.Rxf8+ Nxf8
31.Nb6 Rxf1+ 32.Bxf1 Qg5 33.Kh2 Qf6 34.Nxa8 Qf2+ 35.Bg2 Nd7 36.Nc7 Ndf6 37.Ne6 h6
38.Nc4 g5 39.Qf3 Qe1 40.Nxd6 Qxb4 41.Nf5 Kh7 42.Ne3 Qe1 43.Ng4 Nxg4+ 44.hxg4 Nf4
45.Qb3 Kg6 46.Qb7  1-0

[Event "BL2-O9899"]
[Site "Germany"]
[Date "1998.11.22"]
[Round "2.3"]
[White "Schmidt, Jan Peter"]
[Black "Balcerak, Jakob"]
[Result "0-1"]
[WhiteElo "2300"]
[BlackElo "2300"]

1.Nf3 Nf6 2.c4 g6 3.g3 Bg7 4.Bg2 O-O 5.d4 d6 6.O-O Nbd7 7.Nc3 e5 8.h3 c6
9.e4 Qa5 10.Re1 exd4 11.Nxd4 Ne5 12.Bf1 Re8 13.Be3 Be6 14.Nxe6 Rxe6 15.f4 Nxe4
16.fxe5 Nxg3 17.Bg2 Bxe5 18.Bf2 Nh5 19.Ne4 Nf4 20.Ng5 Rf6 21.Ne4 Re6 22.Ng5 Rf6
23.c5 Rf5 24.Nf3 Rd8 25.Qb3 Qc7 26.Rad1 d5 27.Nxe5 Rxe5 28.Bg3 Rxe1+ 29.Rxe1 Qa5
30.Qe3 Ne6 31.Bd6 b6 32.Rf1 bxc5 33.Qf2 f5 34.Qg3 Qb4 35.Rxf5 Nd4 36.Rf2 Qe1+
37.Kh2 Nf5 38.Qe5 Qxf2 39.Qe6+ Kg7 40.Be5+ Kh6 41.Qf7 Qe3 42.Qc7 Rd7 43.Bf4+ Kh5
44.Qxd7 Qxf4+ 45.Kg1 Qe3+ 46.Kh2 Qe5+ 47.Kg1 Kh6 48.Qxc6 Qe3+ 49.Kh2 Qg3+
50.Kh1 Ne3 51.Bxd5 Qxh3+ 52.Kg1 Qf1+ 53.Kh2 Qf4+  0-1

[Event "Oberliga Sued W9899"]
[Site "Wuertemberg"]
[Date "1998.11.29"]
[Round "3"]
[White "Hoffmann, Hans"]
[Black "Haas, Wilhelm"]
[Result "1/2-1/2"]
[WhiteElo "2230"]
[BlackElo "2240"]

1.c4 Nf6 2.Nf3 g6 3.g3 Bg7 4.Bg2 O-O 5.d4 d6 6.O-O Nbd7 7.Nc3 c5 8.b3 a6
9.Bb2 Rb8 10.a4 cxd4 11.Nxd4 Nc5 12.e4 Bg4 13.Qc2 Qb6 14.a5 Qc7 15.h3 e5
16.Nde2 Bxe2 17.Nxe2 Ne6 18.Kh2 b5 19.axb6 Rxb6 20.Ba3 Rfb8 21.Rfd1 Bf8 22.Rab1 a5
23.Rd3 Qb7 24.f4 Nd7 25.Rbd1 Ndc5 26.Rd5 Rxb3 27.Qc1 Qc7 28.f5 Ng7 29.Nc3 gxf5
30.Bxc5 dxc5 31.Nb5 Qe7 32.exf5 Nxf5 33.Qc2 R3xb5 34.Qxf5 R5b6 35.Rxe5 Qf6
36.Qg4+ Qg7 37.Rg5 Rg6 38.Rxg6 hxg6 39.Qd7 Rb2 40.Kh1 Rf2 41.Kg1  1/2-1/2

[Event "Oberliga Sued W9899"]
[Site "Wuertemberg"]
[Date "1998.11.29"]
[Round "3"]
[White "Dietzel, Jan"]
[Black "Altenhof, Martin"]
[Result "1-0"]
[WhiteElo "2290"]
[BlackElo "2270"]

1.Nf3 Nf6 2.c4 g6 3.g3 Bg7 4.Bg2 O-O 5.O-O d6 6.d4 c5 7.Nc3 Nc6 8.d5 Na5
9.Nd2 Nd7 10.Qc2 a6 11.b3 b5 12.Bb2 bxc4 13.bxc4 Rb8 14.Rab1 Ne5 15.Nd1 Qc7
16.f4 Nd7 17.Bxg7 Kxg7 18.Rxb8 Nxb8 19.e4 Nd7 20.Qc3+ f6 21.Nf2 Nb7 22.Nd3 Qa5
23.Qc2 Nb6 24.Rb1 Na4 25.Rb3 Nb6 26.Nb1 Nd7 27.Ra3 Qb6 28.Nd2 Nd8 29.Qc3 Nf7
30.Rb3 Qc7 31.Rb1 Re8 32.Nb3 Bb7 33.Qa5 Rc8 34.Bh3 Nd8 35.Qc3 Rb8 36.e5 dxe5
37.Bxd7 Qxd7 38.fxe5 Qa4 39.exf6+ exf6 40.Rf1 Qe8 41.Qxf6+ Kg8 42.Nbxc5 Bc8
43.Qd6 Ra8 44.Ne4  1-0

[Event "NRW-Liga II 9899"]
[Site "GER"]
[Date "1998.12.03"]
[Round "3"]
[White "Odendahl, Reiner"]
[Black "Kroeger, Fabian"]
[Result "1-0"]
[WhiteElo "2320"]
[BlackElo "2185"]

1.Nf3 Nf6 2.c4 g6 3.g3 Bg7 4.Bg2 O-O 5.O-O d6 6.d4 Nbd7 7.Nc3 e5 8.e4 a6
9.Re1 Rb8 10.a4 exd4 11.Nxd4 Re8 12.h3 a5 13.Be3 Nc5 14.Qc2 Bd7 15.Rad1 Qc8
16.Kh2 Re5 17.f3 Rh5 18.h4 Re5 19.b3 h6 20.Ndb5 g5 21.hxg5 hxg5 22.Bd4 Nh5
23.Nd5 Qd8 24.Nbxc7 Ne6 25.Nxe6 fxe6 26.Ne3 Kf7 27.Ng4 Qh8 28.Rh1 Kg6 29.Kg1 Qc8
30.Nxe5+ Bxe5 31.Bxe5 dxe5 32.Qf2 Be8 33.Rd6 Nf6 34.Bh3 Bf7 35.Qb6  1-0

[Event "NRW-Liga II 9899"]
[Site "GER"]
[Date "1998.12.03"]
[Round "3"]
[White "Meyer, Heinz Dieter"]
[Black "Van de Mortel, Jan"]
[Result "0-1"]
[WhiteElo "2305"]
[BlackElo "2360"]

1.Nf3 Nf6 2.c4 g6 3.g3 Bg7 4.Bg2 O-O 5.O-O d6 6.d4 c6 7.Nc3 Qa5 8.e4 e5 9.h3 Nbd7
10.Re1 exd4 11.Nxd4 Re8 12.Be3 Ne5 13.Qe2 Be6 14.Nxe6 Rxe6 15.f3 Qb4 16.Bf1 a5
17.a3 Qb3 18.Rad1 Nh5 19.Bf2 Nd7 20.Qd2 Nb6 21.g4 Nf6 22.Rc1 Nfd7 23.Qc2 a4
24.Qxb3 axb3 25.f4 Na4 26.Nxa4 Rxa4 27.Rb1 g5 28.f5 Re8 29.Red1 Ne5 30.Rxd6 Nxc4
31.Bxc4 Rxc4 32.Rd3 b5 33.Rxb3 Rexe4 34.Re3 h5 35.Rxe4 Rxe4 36.gxh5 Rf4 37.h6 Be5
38.b3 Rxf5 39.Rc1 Bb2 40.Rxc6 Bxa3 41.Bd4 Rd5 42.Bf6 Bb2 43.Bxb2 Rd1+ 44.Kg2 Rd2+
45.Kf3 Rxb2 46.Kg4 Rxb3 47.Rc5 Kh7 48.Kxg5 Rxh3 49.Rxb5 Rxh6 50.Rb7 Rg6+
51.Kf4 Kg7 52.Kf3 Ra6 53.Rb3 Ra4 54.Kf2 Kg6 55.Kf1 f5 56.Kg1 Ra2 57.Kf1 Kg5
58.Kg1 Kg4 59.Kf1 f4 60.Rb8 Kg3 61.Rg8+ Kf3 62.Kg1 Ra1+ 63.Kh2 Kf2 64.Re8 Ra7
65.Kh3 f3 66.Rb8 Rh7+  0-1

[Event "Budapest FS12 IM-B"]
[Site "Budapest"]
[Date "1998.12.09"]
[Round "5"]
[White "Bersutzki, Gregory"]
[Black "Szeberenyi, Adam"]
[Result "1/2-1/2"]
[WhiteElo "2160"]
[BlackElo "2230"]

1.Nf3 Nf6 2.c4 g6 3.g3 Bg7 4.Bg2 O-O 5.O-O d5 6.cxd5 Nxd5 7.Nc3 Nb6 8.d3 Nc6
9.Be3 Bf5 10.Qd2 Re8 11.Rfc1 Qd7 12.a4 Na5 13.Ra3 Be6 14.Qc2 Nd5 15.Nxd5 Bxd5
16.Bd2 Nc6 17.Bc3 e5 18.b4 Bf8 19.Raa1 Nxb4 20.Bxb4 Bxb4 21.Qxc7 Qxc7 22.Rxc7 Bd6
23.Rd7 Rad8 24.Rxd8 Rxd8 25.Nd2 Bxg2 26.Kxg2 Kf8 27.Rb1 b6 28.Nc4 Ke7 29.Rb5 f6
30.a5 bxa5 31.Rxa5 Rd7  1/2-1/2

[Event "ROM-ch"]
[Site "Bucuresti"]
[Date "1998.12.15"]
[Round "8"]
[White "Ionescu, Constantin"]
[Black "Itkis, Boris"]
[Result "1/2-1/2"]
[WhiteElo "2515"]
[BlackElo "2465"]

1.Nf3 Nf6 2.c4 g6 3.g3 Bg7 4.Bg2 O-O 5.O-O d6 6.d4 Nbd7 7.Nc3 e5 8.e4 exd4
9.Nxd4 Re8 10.h3 a6 11.Re1 Rb8 12.Be3 Ne5 13.b3 c5  1/2-1/2

[Event "ROM-ch"]
[Site "Bucuresti"]
[Date "1998.12.20"]
[Round "12"]
[White "Marin, Mihail"]
[Black "Grigore, George"]
[Result "1-0"]
[WhiteElo "2530"]
[BlackElo "2475"]

1.Nf3 Nf6 2.c4 g6 3.g3 Bg7 4.Bg2 O-O 5.O-O d6 6.d4 c6 7.Nc3 Qa5 8.e4 Bg4
9.h3 Bxf3 10.Bxf3 e5 11.d5 cxd5 12.cxd5 Nbd7 13.Bd2 Rfc8 14.Qe2 a6 15.Rfc1 Qd8
16.h4 h5 17.Bg2 Rc7 18.b3 Rac8 19.Na4 Kh7 20.Rxc7 Qxc7 21.Bh3 Bh6 22.Bg5 Rf8
23.Rc1 Qd8 24.Rc2 Kg7 25.Bxd7 Bxg5 26.Bc8 Bh6 27.Bxb7 a5 28.Bc8 g5 29.hxg5 Bxg5
30.Rc6 Rh8 31.Nb6 Ng8 32.Bd7 Rh6 33.Qa6 h4 34.g4 h3 35.Rc8 Qf6 36.Bf5 Bf4
37.Nd7 Qe7 38.Qa8 Rh8 39.Rf8 h2+ 40.Kh1 Bd2 41.g5 Bxg5 42.Re8 Qxe8 43.Qxe8 Ne7
44.Qxh8+ Kxh8 45.Nb6 Nxf5 46.exf5 Bd2 47.Nc4 Bb4 48.Kxh2 Kg7 49.Kg3 Kf6 50.Kg4 Ke7
51.Kg5 Ke8 52.f3 Ke7 53.a3 Bc5 54.Nxa5 Bxa3 55.Nc6+ Ke8 56.Kh6 Kf8 57.Kh7 Bc5
58.b4 Bb6 59.f6 Bd4 60.b5 Bb6 61.Nb8 Ke8 62.Kg7 Bd4 63.Nc6 Bb6 64.Ne7 Bd4
65.Nf5  1-0

[Event "Leverkusen 9899"]
[Site "Leverkusen"]
[Date "1998.12.27"]
[Round "2"]
[White "Thiel, Kuno"]
[Black "Boutko, Dimitri"]
[Result "1/2-1/2"]
[WhiteElo "2325"]
[BlackElo "2140"]

1.Nf3 Nf6 2.c4 g6 3.g3 Bg7 4.Bg2 O-O 5.O-O d6 6.d4 Nbd7 7.Qc2 c6 8.Rd1 Qc7
9.b3 Re8 10.Ba3 c5 11.Bb2 a6 12.Nc3 Rb8 13.Rac1 Bh6 14.Rb1 Bg7 15.h3 cxd4
16.Nxd4 Nc5 17.Nd5 Qd8 18.b4 Ncd7 19.c5 Nxd5 20.Bxd5 Nf6 21.Bg2 d5 22.Rbc1 e6
23.a4 Qc7 24.Nf3 Nd7 25.Bxg7 Kxg7 26.b5 axb5 27.axb5 Ra8 28.b6 Qd8 29.Ra1 Rxa1
30.Rxa1 Qe7 31.Ra5 e5 32.Nd2 Nf6 33.c6  1/2-1/2